000 00724nam a2200289Ia 4500
005 20260324120825.0
008 008 260324s9999 xx 000 0 eng d
020 _a9781315595122
037 _aEBOOK
040 _aCRL
040 _beng
040 _cCRL
041 _2eng
041 _aeng
084 _qCRL
100 _aTimothy Duguid
_91160111
245 0 _aMetrical Psalmody in Print and Practice
245 0 _bEnglish 'Singing Psalms' and Scottish 'Psalm Buiks', c. 1547-1640
260 _bTaylor and Francis
260 _c2014
365 _a
365 _b230
856 _uhttp://www.taylorfrancis.com/books/9781315595122
942 _cEBOOK
999 _c1751835
_d1751835